Normal view
MARC view
Entry Personal Name
001 - CONTROL NUMBER
- control field: 6474
003 - CONTROL NUMBER IDENTIFIER
- control field: ARRUPE
005 - DATE AND TIME OF LATEST TRANSACTION
- control field: 20131220173729.0
008 - FIXED-LENGTH DATA ELEMENTS
- fixed length control field: 131220|| aca||aabn | a|a d
040 ## - CATALOGING SOURCE
- Original cataloging agency: ARRUPE
- Transcribing agency: ARRUPE
100 ## - HEADING--PERSONAL NAME
- Personal name: Garry, Stephen,
- Relator term: translator.
670 ## - SOURCE DATA FOUND
- Source citation: Work cat.: (ARRUPE)0: Sholokhov, Mikhail Aleksandrovich, 1905-1984. 6471, And quiet flows the Don /, 1946, c1934.